[Event "DSOL 06 Liga Gr-A 1st"]
[Site "Playchess.com INT"]
[Date "2020.08.11"]
[Round "2.2"]
[White "Strehlau, Helmut"]
[Black "Marschall, Andreas"]
[Result "0-1"]
[WhiteElo "1635"]
[BlackElo "1748"]
[PlyCount "108"]
[EventDate "2020.06.22"]
[EventType "team-tourn (rapid)"]
[EventCountry "GER"]
[SourceTitle "EXT 2021"]
[Source "ChessBase"]
[SourceDate "2020.10.23"]
[SourceVersion "1"]
[SourceVersionDate "2020.10.23"]
[SourceQuality "1"]
[WhiteTeam "Friedrichshagen"]
[BlackTeam "Berlin Eintracht"]
[WhiteTeamCountry "GER"]
[BlackTeamCountry "GER"]

1. e4 e5 2. Nf3 Nc6 3. Bb5 a6 4. Ba4 Nf6 5. 0-0 b5 6. Bb3 Be7 7. c3 0-0 8. Re1 d5 9. exd5 Nxd5 10. Nxe5 Nxe5 11. Rxe5 c6 12. d4 Bd6 13. Re1 Qh4 14. g3 Qh3 15. Be3 Bg4 16. Qd3 Rae8 17. Qf1 Qh5 18. Nd2 Re7 19. Bxd5 Qxd5 20. f3 Bd7 21. b3 f5 22. Bg5 Re6 23. Rxe6 Bxe6 24. Be3 f4 25. gxf4 Bf5 26. c4 Qe6 27. Qf2 Re8 28. Nf1 bxc4 29. bxc4 Qxc4 30. Rc1 Qd5 31. Ng3 Bh3 32. Ne4 Re6 33. Ng5 Rg6 34. Kh1 Bf5 35. h4 h6 36. h5 Rf6 37. Ne4 Bxe4 38. fxe4 Qxe4+ 39. Kg1 Bxf4 40. Re1 Bxe3 41. Rxe3 Qg4+ 42. Qg2 Qd1+ 43. Kh2 Qxh5+ 44. Rh3 Qf7 45. Qe4 Qxa2+ 46. Kg3 Qf2+ 47. Kg4 a5 48. Rb3 Qh2 49. Qe8+ Kh7 50. Qe4+ Rg6+ 51. Kf5 Qh5+ 52. Kf4 Qg5+ 53. Kf3 Qg3+ 54. Ke2 Qxb3 0-1

[Event "DSOL 06 Liga Gr-A 1st"]
[Site "Playchess.com INT"]
[Date "2020.07.13"]
[Round "4.1"]
[White "Zhou, Lepu Coco"]
[Black "Marschall, Andreas"]
[Result "0-1"]
[WhiteElo "1868"]
[BlackElo "1748"]
[PlyCount "78"]
[EventDate "2020.06.22"]
[EventType "team-tourn (rapid)"]
[EventCountry "GER"]
[SourceTitle "EXT 2021"]
[Source "ChessBase"]
[SourceDate "2020.10.23"]
[SourceVersion "1"]
[SourceVersionDate "2020.10.23"]
[SourceQuality "1"]
[WhiteTeam "Weisse Dame II"]
[BlackTeam "Berlin Eintracht"]
[WhiteTeamCountry "GER"]
[BlackTeamCountry "GER"]

1. e4 e5 2. Nf3 Nc6 3. Bb5 a6 4. Ba4 Nf6 5. 0-0 b5 6. Bb3 Be7 7. Qe2 0-0 8. d4 Nxd4 9. Nxd4 exd4 10. e5 Ne8 11. c3 c5 12. cxd4 cxd4 13. Qe4 Qb6 14. Rd1 Bc5 15. Bg5 Bb7 16. Qd3 Nc7 17. Bc2 Qg6 18. Qxg6 fxg6 19. Bh4 Ne6 20. Nd2 g5 21. Bg3 h5 22. h3 h4 23. Bh2 d3 24. Bxd3 Rxf2 25. Ne4 Bxe4 26. Bxe4 Re2+ 27. Kh1 Rxe4 28. Rxd7 Rd8 29. Rxd8+ Nxd8 30. a3 Ne6 31. b4 Bd4 32. Rc1 Bf2 33. Bg1 Re1 34. Rxe1 Bxe1 35. Be3 Bg3 36. Kg1 Bxe5 37. Bc1 Kf7 38. Kf2 Kf6 39. Kf3 Kf5 0-1

[Event "GER-ch Net Amateur Gr-B Vor2"]
[Site "Playchess.com INT"]
[Date "2020.04.15"]
[Round "5"]
[White "Marschall, Andreas"]
[Black "Lu, Yunong Elias"]
[Result "0-1"]
[WhiteElo "1620"]
[BlackElo "1689"]
[PlyCount "88"]
[EventDate "2020.04.15"]
[EventType "swiss (blitz)"]
[EventRounds "9"]
[EventCountry "GER"]
[SourceTitle "CBM 196 Extra"]
[Source "ChessBase"]
[SourceDate "2020.07.31"]
[SourceVersion "1"]
[SourceVersionDate "2020.07.31"]
[SourceQuality "1"]

1. d4 d5 2. Bf4 e6 3. e3 Nf6 4. Nf3 Bd6 5. Bg3 Be7 6. Bd3 c5 7. c3 c4 8. Be2 Bd7 9. Nbd2 Nc6 10. Ne5 0-0 11. 0-0 Nxe5 12. Bxe5 Ne8 13. b3 b5 14. Bf3 Bd6 15. bxc4 bxc4 16. Qc2 Bxe5 17. dxe5 f6 18. exf6 Nxf6 19. Rab1 Rb8 20. e4 Rxb1 21. Rxb1 Qc7 22. exd5 exd5 23. g3 Rb8 24. Bg2 Rxb1+ 25. Qxb1 Qb6 26. Qxb6 axb6 27. Nf3 Be6 28. Nd4 Kf7 29. Kf1 Nd7 30. Ke2 Nc5 31. Kd2 Nd3 32. f4 g6 33. g4 Nxf4 34. Bf3 Nd3 35. a3 Ne5 36. Be2 Bxg4 37. Bf1 Nf3+ 38. Ke3 Nxh2 39. Bg2 Be6 40. Kf4 h5 41. Kg3 Ng4 42. Bh3 Kf6 43. Kf4 g5+ 44. Kg3 h4+ 0-1

[Event "GER-ch Net Amateur Gr-B Vor2"]
[Site "Playchess.com INT"]
[Date "2020.04.15"]
[Round "1"]
[White "Marschall, Andreas"]
[Black "Schernetzki, Bernd"]
[Result "1-0"]
[WhiteElo "1592"]
[BlackElo "1793"]
[PlyCount "163"]
[EventDate "2020.04.15"]
[EventType "swiss (blitz)"]
[EventRounds "9"]
[EventCountry "GER"]
[SourceTitle "CBM 196 Extra"]
[Source "ChessBase"]
[SourceDate "2020.07.31"]
[SourceVersion "1"]
[SourceVersionDate "2020.07.31"]
[SourceQuality "1"]

1. d4 Nf6 2. Bf4 d5 3. e3 Bf5 4. c4 e6 5. Nc3 c6 6. Qb3 Qc8 7. cxd5 exd5 8. Rc1 Be7 9. Nf3 0-0 10. Nb5 Na6 11. Bd6 Qd7 12. Qa3 Bxd6 13. Nxd6 Be4 14. Be2 Rad8 15. Nxe4 Nxe4 16. Ne5 Qd6 17. Qxd6 Rxd6 18. Bxa6 f6 19. Nxc6 bxc6 20. Bd3 f5 21. 0-0 Rb8 22. b3 Rb6 23. f3 Nf6 24. Bxf5 Ra6 25. Rc2 g6 26. Bd3 Rb6 27. Rfc1 Kf7 28. Kf2 Ke6 29. g4 Kd7 30. h4 a5 31. Rc3 Ne8 32. Rd1 Nc7 33. Be2 Nb5 34. Rc2 Na3 35. Rc3 Nb5 36. Bxb5 Rxb5 37. e4 dxe4 38. fxe4 Rb4 39. Rc4 Rf6+ 40. Ke3 h6 41. e5 Rf8 42. d5 cxd5 43. Rxd5+ Ke6 44. Rxa5 Rxc4 45. bxc4 Rc8 46. c5 Kd5 47. a4 Kxe5 48. c6+ Kd6 49. Ra6 Re8+ 50. Kd4 Re1 51. a5 Rd1+ 52. Ke3 Rh1 53. Rb6 Rxh4 54. Kf3 Rh3+ 55. Kf4 Ra3 56. a6 Kc7 57. Rb7+ Kxc6 58. Rg7 Ra4+ 59. Kg3 h5 60. Rxg6+ Kb5 61. gxh5 Ra3+ 62. Kf4 Ra4+ 63. Kg5 Kc5 64. h6 Ra1 65. h7 Rh1 66. Rg7 Kb6 67. a7 Rg1+ 68. Kf6 Rf1+ 69. Ke5 Re1+ 70. Kd4 Rd1+ 71. Ke3 Re1+ 72. Kd2 Re8 73. Rg8 Rxg8 74. hxg8Q Kxa7 75. Qb3 Ka6 76. Kd3 Ka5 77. Kc4 Ka6 78. Kc5 Ka7 79. Qb6+ Ka8 80. Qb4 Ka7 81. Kc6 Ka8 82. Qb7# 1-0

[Event "GER-ch Net Amateur Gr-B Vor2"]
[Site "Playchess.com INT"]
[Date "2020.04.15"]
[Round "8"]
[White "Marschall, Andreas"]
[Black "Schmitt, Carsten1"]
[Result "0-1"]
[WhiteElo "1617"]
[BlackElo "1713"]
[PlyCount "92"]
[EventDate "2020.04.15"]
[EventType "swiss (blitz)"]
[EventRounds "9"]
[EventCountry "GER"]
[SourceTitle "CBM 196 Extra"]
[Source "ChessBase"]
[SourceDate "2020.07.31"]
[SourceVersion "1"]
[SourceVersionDate "2020.07.31"]
[SourceQuality "1"]

1. d4 Nf6 2. Bf4 d5 3. e3 c5 4. c3 Qb6 5. Qb3 c4 6. Qxb6 axb6 7. Nf3 e6 8. Nbd2 Nc6 9. Be2 b5 10. 0-0 b4 11. Rfb1 bxc3 12. bxc3 Ra3 13. Rc1 Be7 14. Ne5 0-0 15. Nxc6 bxc6 16. f3 Bb7 17. Nb1 Ra7 18. a4 Rfa8 19. Bd1 c5 20. Nd2 Bc6 21. Rcb1 h6 22. Rb2 cxd4 23. exd4 Nd7 24. Rba2 Bd8 25. Bd6 Nb6 26. a5 Nc8 27. Bb4 Ra6 28. Be2 Bb5 29. Ra3 Na7 30. Nb3 cxb3 31. Bxb5 Nxb5 32. Rxb3 Na7 33. Bc5 Nc6 34. Kf2 Rxa5 35. Rxa5 Nxa5 36. Ra3 Rc8 37. Bb4 Nc4 38. Ra7 Bb6 39. Ra6 Rc7 40. Ra8+ Kh7 41. Kg3 Ra7 42. Rf8 Bc7+ 43. Kh3 Bd6 44. Rc8 Bxb4 45. cxb4 Rb7 46. Rf8 Kg6 0-1

[Event "GER-ch Net Amateur Gr-B Vor1"]
[Site "Playchess.com INT"]
[Date "2020.04.14"]
[Round "7"]
[White "Marschall, Andreas"]
[Black "Sauer, Tim"]
[Result "0-1"]
[WhiteElo "1616"]
[BlackElo "1744"]
[PlyCount "66"]
[EventDate "2020.04.14"]
[EventType "swiss (blitz)"]
[EventRounds "9"]
[EventCountry "GER"]
[SourceTitle "EXT 2021"]
[Source "ChessBase"]
[SourceDate "2020.10.23"]
[SourceVersion "1"]
[SourceVersionDate "2020.10.23"]
[SourceQuality "1"]

1. d4 Nf6 2. Bf4 g6 3. e3 Bg7 4. Be2 0-0 5. Nf3 d6 6. h3 Nbd7 7. c4 Qe8 8. Nc3 e5 9. Bh2 c6 10. 0-0 Qe7 11. Rc1 e4 12. Nd2 d5 13. c5 Ne8 14. b4 f5 15. b5 g5 16. Nb3 f4 17. Bg4 Qf7 18. bxc6 bxc6 19. Na5 Qg6 20. Qb3 f3 21. gxf3 exf3 22. Kh1 h5 23. Bxd7 Bxd7 24. Nb7 Bxh3 25. Rg1 Bg2+ 26. Rxg2 fxg2+ 27. Kg1 h4 28. Nxd5 cxd5 29. Qxd5+ Kh7 30. Rb1 Qxb1+ 31. Kxg2 h3+ 32. Kg3 Nf6 33. Qf5+ Qxf5 0-1